Geography Quiz

Random Geography or World Quiz

'U' Countries on a Map Quiz Stats

Quiz Updated Feb 23, 2016

Challenge
Share
Tweet
Score 0/7 Timer 01:00
21 Plays Today
% Correct
United States
of
America
97.5%
United
Kingdom
95.6%
Uruguay
95.3%
Uganda
93.6%
Uzbekistan
91.8%
United
Arab
Emirates
90.6%
Ukraine
88.1%

You're not logged in!

Compare scores with friends on all Sporcle quizzes.
Sign Up with Email
OR
Log In

You Might Also Like...

Show Comments

Extras

Top Quizzes Today


Score Distribution

Your Account Isn't Verified!

In order to create a playlist on Sporcle, you need to verify the email address you used during registration. Go to your Sporcle Settings to finish the process.